00622cam a2200205 a 450000100100000000500170001000800410002702000150006804000250008308200120010810000210012024500300014126000200017130000230019150000420021450400330025660000690028965000280035865000300038600003857520201002031312.0921231s2001 sp i000 0 spa d a8475670636 aDO-SdBNPbspacBNPHU aN861.441 aDarío, Rubén10aAzul /cRubén Darío;. bMadrid:,c2001. a189 p. : ;c20 cm. aIncluye notas al pie de las páginas aBibliografía : p.187 - 18914aDARÍO, RUBÉNd1867-1916.tAZULxCRÍTICA E INTERPRETACIÓN 4aPoesía nicaragüense 4aLiteratura nicaragüense